| 000 | 00724nam a2200277Ia 4500 | ||
|---|---|---|---|
| 003 | OSt | ||
| 005 | 20220918165328.0 | ||
| 006 | a|||||r|||| 00| 0 | ||
| 007 | ta | ||
| 008 | 220917b |||||||| |||| 00| 0 eng d | ||
| 020 | _a333196473 | ||
| 024 | _a36,248 | ||
| 037 | _cTextual | ||
| 040 |
_aARTS _cARTS _beng |
||
| 041 |
_2eng _aeng |
||
| 082 | _aO122,2M69:g, 111L6 | ||
| 100 |
_aCordle Thomas _923826 |
||
| 245 | 0 | _aAndre Gide | |
| 260 |
_aLondon _bMacmillan Press UK _c1976 |
||
| 300 |
_a183p. _ccm. |
||
| 490 | _aGriffin Authors series | ||
| 500 | _aBib 173-81p | ||
| 650 | _aENGLISH LITERATURE | ||
| 942 |
_hO122,2M69:g, 111L6 _cTEXL _2CC |
||
| 999 |
_c129338 _d129338 |
||